000
00441nam a2200145Ia 4500
008
100122s9999 xx 000 0 und d
082
_b
28447
_a
824
100
_a
जाधव रा ग
245
_a
आनंदाचा डोह
260
_b
प्रज्ञा पाठशाळा मंडळ
_c
1976
300
_a
126
630
_a
आनंदाचा डोह
730
_a
आनंदाचा डोह
942
_c
BOOK
999
_c
414077
_d
414074